| 000 | 00643nam a2200229Ia 4500 | ||
|---|---|---|---|
| 003 | 0100 | ||
| 008 | 130303s9999 xx 000 0 und d | ||
| 020 | _a29227968 | ||
| 040 | _cARRUPELIB | ||
| 050 | _aJK516.N41990 | ||
| 100 | _aNeustadt, Richard E | ||
| 245 | _aPresidential power and the modern presidents | ||
| 245 | _bthe politics of leadership from Roosevelt to Reagan | ||
| 250 | _aRev. of Presidential Power.c1980 | ||
| 260 | _aNew York | ||
| 260 | _bThe Free Press | ||
| 260 | _C1990 | ||
| 300 | _axxiv | ||
| 300 | _b 371 p.24cm | ||
| 700 | _aRichard E. Neustadt , Neustadt, Richard E. Presidential power | ||
| 942 | 0 | 0 | _08 |
| 999 |
_c16715 _d16715 |
||